Science Quiz

Random Science Quiz

What's the Range Quiz Stats

 Plays Quiz not verified by Sporcle

Challenge
Share
Tweet
Embed
Score 0/47 Timer 10:00
0 Plays Today
Motion Range in degrees (for example, 0-10) % Correct
1st MP extension0-70
90%
DIP flexion0-70
90%
Thoracolumbar lateral flexion0-20
75%
MCP extension0-30
70%
Thumb CMC flexion0-45
70%
Thumb CMC extension0-10
70%
MCP flexion0-90
65%
Shoulder flexion0-180
55%
Shoulder abduction0-180
55%
Wrist flexion0-65
55%
Wrist extension0-55
55%
PIP flexion0-100
55%
Hip extension0-20
50%
Knee extension0-10
50%
Ankle plantarflexion0-50
50%
Ankle dorsiflexion (knee extended)0-10
50%
Subtalar eversion0-10
50%
Subtalar inversion0-20
50%
Cervical spine extension0-50
50%
Cervical spine rotation0-90
50%
Cervical spine lateral flexion0-20
50%
Shoulder extension0-60
50%
Shoulder external rotation0-90
50%
Elbow extension0-5
50%
Motion Range in degrees (for example, 0-10) % Correct
Wrist radial deviation0-15
50%
Wrist ulnar deviation0-30
50%
MCP abduction0-20
50%
Thumb MP flexion0-60
50%
Thumb IP extension0-20
50%
Ankle dorsiflexion (knee flexed)0-20
50%
Hip flexion0-120
45%
Hip abduction0-40
45%
Hip external rotation0-45
45%
Hip internal rotation0-35
45%
Knee flexion0-140
45%
1st MP flexion0-45
45%
Cervical spine flexion0-40
45%
Thoracolumbar rotation0-40
45%
Shoulder internal rotation0-70
45%
Thumb CMC abduction0-70
45%
Thumb IP flexion0-70
45%
Hip adduction0-25
40%
Forearm pronation0-75
35%
Forearm supination0-85
35%
Elbow flexion0-145
30%
Lumbosacral flexion (centimeters)7
5%
Thoracolumbar flexion (inches)4
0%

You're not logged in!

Compare scores with friends on all Sporcle quizzes.
OR
Log In

You Might Also Like...

Show Comments

Extras

Created Dec 31, 2009ReportNominate
Tags:degree, example, motion, range

Top Quizzes Today


Score Distribution

Your Account Isn't Verified!

In order to create a playlist on Sporcle, you need to verify the email address you used during registration. Go to your Sporcle Settings to finish the process.

Report this User

Report this user for behavior that violates our Community Guidelines.

Details: